Laporan akhir latihan industri di Pejabat Daerah Besut

Matlamat utama penubuhan ialah bagi merancang projek pembangunan terutama di Daerah Besut, mentadbir, melaksana dan mengawal pelbagai aktiviti di peringkat daerah selain menyediakan kemudahan asas

Main Author: Nor Najihah Zakaria
Published: Terengganu: Kolej Universiti Sains dan Teknologi Malaysia, 2005.
LEADER 00812cam a2200169 7i4500
001 0000137532
005 20131120090000.0
002 0000002602
090 0 0 |a LI 61 FPE 1 2005  
100 0 # |a Nor Najihah Zakaria  
245 1 0 |a Laporan akhir latihan industri di Pejabat Daerah Besut   |c Nor Najihah Zakaria. 
260 # # |a Terengganu:   |b Kolej Universiti Sains dan Teknologi Malaysia,   |c 2005. 
300 |a 49 p.;   |c 30 cm.. 
502 # # |a Latihan Industri FPE (Ijazah Sarjana Muda Pengurusan - Polisi dan Sekitaran Sosial) 2005 
520 3 # |a Matlamat utama penubuhan ialah bagi merancang projek pembangunan terutama di Daerah Besut, mentadbir, melaksana dan mengawal pelbagai aktiviti di peringkat daerah selain menyediakan kemudahan asas 
602 # # |a Latihan Industri FPE 2005 
999 |a 1100039824  |b Book  |c Latihan Industri  |e KOLEKSI KHAS